ბათუმის შოთა რუსთაველის სახელმწიფო უნივერსიტეტის ბიბლიოთეკა

საზოგადოებრივ-პოლიტიკური ვითარება გურიასა და ბათუმის ოლქში 1905-1907 წლებში : (ბიბ.ჩანაწერი № 59635)

000 -ლიდერი
ფიქსირებული სიგრძის საკონტროლო ველი 01317nam a22002177a 4500
003 - საკონტროლო ნომრის იდენტიფიკატორი
საკონტროლო ველი Ge_BSU
005 - ბოლო ოპერაციის თარიღი და დრო
საკონტროლო ველი 20230327110643.0
008 - ფიქსირებული სიგრძის მონაცემთა ელემენტები - ზოგადი ინფორმაცია
ფიქსირებული სიგრძის საკონტროლო ველი 230327s2022 ge ||||| |||| 00| 0 geo d
020 ## - წიგნის საერთაშორისო სტანდარტული ნომერი
International Standard Book Number 9789941333460
041 ## - ენის კოდი
Language code of text/sound track or separate title geo
080 ## - უნივერსალური ათობითი კლასიფიკაციის ინდექსი
Universal Decimal Classification number 94(479.223)+94(479.22.470) გ-59
100 ## - მთავარი ჩანაწერი - პიროვნების სახელი
Personal name გოგოლიშვილი, ოთარ
9 (RLIN) 17265
245 ## - ცნობა სათაურის შესახებ
Title საზოგადოებრივ-პოლიტიკური ვითარება გურიასა და ბათუმის ოლქში 1905-1907 წლებში :
Remainder of title ნაწილი 1. გურია ბობოქარ 1900-1907 წლებში /
Statement of responsibility, etc ოთარ გოგოლიშვილი; რედაქტორი დიმიტრი შველიძე.
264 ## - წარმოების, გამოცემის, დისტრიბუციის და სხვა ცნობები
გამოცემის, წარმოების, დისტრიბუციის... ადგილი თბილისი:
გამოცემის, წარმოების, დისტრიბუციის... სახელწოდება უნივერსალი,
გამოცემის, წარმოების, დისტრიბუციის... თარიღი 2022.
300 ## - ფიზიკური აღწერა
Extent 123 გვ.;
Other physical details 20 სმ.
653 ## - INDEX TERM--UNCONTROLLED
Uncontrolled term ისტორია
653 ## - INDEX TERM--UNCONTROLLED
Uncontrolled term საზოგადოებრივ-პოლიტიკური ვითარება ბათუმის ოლქში
653 ## - INDEX TERM--UNCONTROLLED
Uncontrolled term საზოგადოებრივ-პოლიტიკური ვითარება გურიაში
700 ## - ADDED ENTRY--PERSONAL NAME
Personal name შველიძე, დიმიტრი
Relator term რედაქტორი
9 (RLIN) 17266
942 ## - ADDED ENTRY ELEMENTS (KOHA)
Source of classification or shelving scheme
Koha item type წიგნი
ეგზემპლარები
ჩამოწერის სტატუსი დაკარგული ეგზემპლარის სტატუსი კლასიფიკაციის წყარო ან თაროზე გაწყობის სქემა დაზიანების სტატუსი არ გაიცემა მუდმივი მდებარეობა (დაცვის ადგილი) ამჟამინდელი ადგილსამყოფელი თაროზე განთავსების ადგილი შეძენის თარიღი ღირებულება, შესყიდვის ნორმალური ფასი სრული შენახვის შიფრი შტრიხკოდი ბოლო ოპერაციის თარიღი ეგზემპლარის მიმდევრობითი ნომერი (კეტერი?) ფასის ძალაში შესვლის თარიღი ეგზემპლარის სახეობა საჯარო შენიშვნა Uniform Resource Identifier
          ბათუმის შოთა რუსთაველის სახელმწიფო უნივერსიტეტის მთავარი ბიბლიოთეკა ბათუმის შოთა რუსთაველის სახელმწიფო უნივერსიტეტის მთავარი ბიბლიოთეკა წიგნსაცავი 2023-03-27 5.00 94(479.223)+94(479.22.470) გ-59 64060 2023-03-27 64060 2023-03-27 წიგნი 5 ლ.  
          ბათუმის შოთა რუსთაველის სახელმწიფო უნივერსიტეტის მთავარი ბიბლიოთეკა ბათუმის შოთა რუსთაველის სახელმწიფო უნივერსიტეტის მთავარი ბიბლიოთეკა წიგნსაცავი 2023-03-27 5.00 94(479.223)+94(479.22.470) გ-59 64061 2023-03-27 64061 2023-03-27 წიგნი 5 ლ.  
          ბათუმის შოთა რუსთაველის სახელმწიფო უნივერსიტეტის მთავარი ბიბლიოთეკა ბათუმის შოთა რუსთაველის სახელმწიფო უნივერსიტეტის მთავარი ბიბლიოთეკა წიგნსაცავი 2023-03-27 5.00 94(479.223)+94(479.22.470) გ-59 64062 2023-03-27 64062 2023-03-27 წიგნი 5 ლ.  
          ბათუმის შოთა რუსთაველის სახელმწიფო უნივერსიტეტის მთავარი ბიბლიოთეკა ბათუმის შოთა რუსთაველის სახელმწიფო უნივერსიტეტის მთავარი ბიბლიოთეკა წიგნსაცავი 2023-03-27 5.00 94(479.223)+94(479.22.470) გ-59 64063 2023-03-27 64063 2023-03-27 წიგნი 5 ლ.  
          ბათუმის შოთა რუსთაველის სახელმწიფო უნივერსიტეტის მთავარი ბიბლიოთეკა ბათუმის შოთა რუსთაველის სახელმწიფო უნივერსიტეტის მთავარი ბიბლიოთეკა წიგნსაცავი 2025-01-27 5.00 94(479.223)+94(479.22.470) გ-61 70418 2025-01-27 70418 2025-01-27 წიგნი 5.00 ნაჩუქარი